Vier Schanzen Tournee Sieger - Statistiken

Allgemein
  • Dieses Quiz wurde 99 mal gespielt
    13 seit der letzten Aktualisierung
  • Das Durchschnittsergebnis liegt bei 32 aus 75
Antwortstatistiken
Saison Sieger Nation % Korrekt
2001/02 Sven Hannawald Deutschland
100%
1992/93 Andreas Goldberger Österreich
92%
1994/95 Andreas Goldberger Österreich
92%
1998/99 Janne Ahonen Finnland
92%
2002/03 Janne Ahonen Finnland
92%
2004/05 Janne Ahonen Finnland
92%
2005/06 1 Janne Ahonen Finnland
92%
2007/08 Janne Ahonen Finnland
92%
2011/12 Gregor Schlierenzauer Österreich
83%
2012/13 Gregor Schlierenzauer Österreich
83%
1983/84 Jens Weißflog DDR
83%
1984/85 Jens Weißflog DDR
83%
1990/91 Jens Weißflog Deutschland
83%
1995/96 Jens Weißflog Deutschland
83%
2014/15 Stefan Kraft Österreich
83%
2010/11 Thomas Morgenstern Österreich
83%
2025/26 Domen Prevc Slowenien
75%
2016/17 Kamil Stoch Polen
75%
2017/18 Kamil Stoch Polen
75%
2020/21 Kamil Stoch Polen
75%
1982/83 Matti Nykänen Finnland
75%
1987/88 Matti Nykänen Finnland
75%
2015/16 Peter Prevc Slowenien
75%
2000/01 Adam Małysz Polen
67%
1989/90 Dieter Thoma Deutschland
67%
2022/23 Halvor Egner Granerud Norwegen
58%
2018/19 Ryōyū Kobayashi Japan
58%
2021/22 Ryōyū Kobayashi Japan
58%
2023/24 Ryōyū Kobayashi Japan
58%
2009/10 Andreas Kofler Österreich
50%
1999/00 Andreas Widhölzl Österreich
50%
2019/20 Dawid Kubacki Polen
50%
1997/98 Kazuyoshi Funaki Japan
50%
2024/25 Daniel Tschofenig Österreich
42%
1985/86 Ernst Vettori Österreich
42%
1986/87 Ernst Vettori Österreich
42%
2005/06 2 Jakub Janda Tschechien
42%
1972/73 Rainer Schmidt DDR
42%
1991/92 Toni Nieminen Finnland
42%
2008/09 Wolfgang Loitzl Österreich
42%
2006/07 Anders Jacobsen Norwegen
33%
1993/94 Espen Bredesen Norwegen
33%
1979/80 Hubert Neuper Österreich
33%
1980/81 Hubert Neuper Österreich
33%
1996/97 Primož Peterka Slowenien
33%
2013/14 Thomas Diethart Österreich
33%
1953 Josef Bradl Österreich
25%
1978/79 Pentti Kokkonen Finnland
25%
1966/67 Bjørn Wirkola Norwegen
17%
1967/68 Bjørn Wirkola Norwegen
17%
1968/69 Bjørn Wirkola Norwegen
17%
1973/74 Hans-Georg Aschenbach DDR
17%
1957/58 Helmut Recknagel DDR
17%
1958/59 Helmut Recknagel DDR
17%
1960/61 Helmut Recknagel DDR
17%
1975/76 Jochen Danneberg DDR
17%
1976/77 Jochen Danneberg DDR
17%
1970/71 Jiří Raška Tschechien
8%
1977/78 Kari Ylianttila Finnland
8%
1981/82 Manfred Deckert DDR
8%
1959/60 Max Bolkart Deutschland
8%
1988/89 Risto Laakkonen Finnland
8%
2003/04 Sigurd Pettersen Norwegen
8%
1961/62 Eino Kirjonen Finnland
0%
1954/55 Hemmo Silvennoinen Finnland
0%
1969/70 Horst Queck DDR
0%
1971/72 Ingolf Mork Norwegen
0%
1955/56 Nikolai Kamenski Sowjetunion
0%
1953/54 Olaf B. Bjørnstad Norwegen
0%
1956/57 Pentti Uotinen Finnland
0%
1962/63 Toralf Engan Norwegen
0%
1964/65 Torgeir Brandtzæg Norwegen
0%
1963/64 Veikko Kankkonen Finnland
0%
1965/66 Veikko Kankkonen Finnland
0%
1974/75 Willi Pürstl Österreich
0%
Keine übereinstimmenden Quizze gefunden
Verteilung der Resultate
Anzahl Personen mit jedem Resultat
Perzentil nach korrekt beantworteten Fragen
Ihre Resultats-Entwicklung
Sie haben dieses Quiz seit der letzten Aktualisierung nicht gespielt